000 00737nam a22002057a 4500
008 090115t xxu||||| |||| 00| 0 eng d
010 _aENG-92519
020 _c150.00
_a818795714X
035 _aEN-76052
037 _bDBAD / PUB
040 _adpl
_bEnglish
082 _a005.133
100 _aMurugesan, S.
245 _aIntroduction to Java /
_cby S. Murugesan
260 _aPudhucherry
_bVirat Publications
_c2008
300 _a207p.
_c23cm (pbk)
650 _aJava (Computer program language)
942 _2ddc
_cEN
_mMUR
_h005.133
999 _c21023
_d21023